[Event "SUI-ch op2"]
[Site "Luzern"]
[Date "1994.07.19"]
[Round "4"]
[White "Felder, Markus"]
[Black "Tissot, Jaques"]
[Result "0-1"]
[WhiteElo "1602"]
[BlackElo "1658"]
[PlyCount "50"]
[EventDate "1994.07.16"]
[EventType "swiss"]
[EventRounds "7"]
[EventCountry "SUI"]
[SourceTitle "EXT 1999"]
[Source "ChessBase"]
[SourceDate "1998.11.16"]
[SourceVersion "1"]
[SourceVersionDate "1998.11.16"]
[SourceQuality "1"]

1. e4 c5 2. Nf3 Nc6 3. d4 cxd4 4. Nxd4 Nf6 5. Nc3 a6 6. Be2 Qc7 7. 0-0 b5 8. a3 Bb7 9. Kh1 e6 10. Bg5 Be7 11. b4 Rc8 12. Nxc6 Qxc6 13. Bd2 Nxe4 14. Nxe4 f5 15. f3 fxe4 16. fxe4 Qxc2 17. Bh5+ g6 18. Bxg6+ hxg6 19. Qg4 Qxe4 20. Rf4 Qd3 21. Raf1 Rc4 22. R1f2 Rxf4 23. Qxf4 Qd6 24. Qf7+ Kd8 25. Bf4 Qd1+ 0-1